000 00811cam a22002291 4500
001 ne 66001814
003 DLC
005 20260227111826.0
008 830120m19669999ua d 000 0 arar
010 _ane 66001814
035 _a(OCoLC)9147863
040 _aDLC
_cWaU
_dWaU
_dDLC
042 _apremarc
050 0 0 _aPJ6620
_b.I154
100 2 _aIbn Manẓūr, Muḥammad ibn Mukarram,
_d1232-1311 or 1312.
245 1 0 _aLisān al-ʻArab,
_cli-Ibn Manẓūr Jamāl al-Dīn Muḥammad ibn Mukarram al-Anṣārī.
260 _a[al-Qāhirah]
_bal-Dār al-Miṣrīyah lil-Taʼlīf wa-al-Tarjamah
_c1966-
300 _av.
_c28 cm.
440 0 _aTurāthunā
500 _a"Ṭabʻah muṣawwar ʻan ṭabʻat Būlāq maʻahā taṣwībāt wa-fahāris mutanawwiʻah."
650 0 _aArabic language
_vDictionaries.
999 _c49165
_d49165